000 00298nam a22001337a 4500
008 190129b xxu||||| |||| 00| 0 eng d
020 _a9781450285483
041 _aeng
080 _a316
100 _a50
101 _aSOC
245 _aA Very Famous Social Workers
_cJohnson,G
942 _2udc
_cBK
999 _c53852
_d53852